书目信息 |
| 题名: |
爱就是在一起, 吃好多好多顿饭
|
|
| 作者: | 曾焱冰 著 | |
| 分册: | ||
| 出版信息: | 天津 天津人民出版社 2020.09 |
|
| 页数: | 242页 | |
| 开本: | 23cm | |
| 丛书名: | ||
| 单 册: | ||
| 中图分类: | K891.25 , TS972.32 | |
| 科图分类: | ||
| 主题词: | 饮食--yin shi--礼仪 , 桌台--zhuo tai--装饰 | |
| 电子资源: | ||
| ISBN: | 978-7-201-16325-3 | |
| 000 | 01186nam0 2200265 450 | |
| 001 | CAL 0120203066788 | |
| 005 | 20230217093113.0 | |
| 010 | @a978-7-201-16325-3@b精装@dCNY98.00 | |
| 100 | @a20201019d2020 em y0chiy0120 ea | |
| 101 | 0 | @achi |
| 102 | @aCN@b120000 | |
| 105 | @aa z 000yy | |
| 106 | @ar | |
| 200 | 1 | @a爱就是在一起, 吃好多好多顿饭@Aai jiu shi zai yi qi , chi hao duo hao duo dun fan@d= Table setting: a time for love@f曾焱冰著@zeng |
| 210 | @a天津@c天津人民出版社@d2020.09 | |
| 215 | @a242页@c彩图@d23cm | |
| 330 | @a本书向读者介绍了餐桌上的礼仪和布置餐桌的方法, 同时也讲述了关于餐桌上的欢乐时光和美好相聚的动人故事, 以及如何营造美和仪式感。本书是作者用心经营日常生活的展现, 展现的是她对生活的热爱和对美的追求。作者将餐桌布置当作是一种日常美学, 为的是让不断重复的枯燥生活变得有趣, 让餐桌边围坐的人们感到被关注和重视, 感受到季节的变化、自然和食物的魅力, 以及人的创造性与热情。 | |
| 510 | 1 | @aTable setting: a time for love@zeng |
| 606 | 0 | @a饮食@Ayin shi@x礼仪 |
| 606 | 0 | @a桌台@Azhuo tai@x装饰 |
| 690 | @aK891.25@v5 | |
| 690 | @aTS972.32@v5 | |
| 701 | 0 | @a曾焱冰@Azeng yan bing@4著 |
| 801 | 0 | @aCN@bBJXHZP@c20230228 |
| 905 | @b1405176-9@dK891.25@e408@f4 | |
| 爱就是在一起, 吃好多好多顿饭= Table setting: a time for love/曾焱冰著.-天津:天津人民出版社,2020.09 |
| 242页:彩图;23cm |
| ISBN 978-7-201-16325-3(精装):CNY98.00 |
| 本书向读者介绍了餐桌上的礼仪和布置餐桌的方法, 同时也讲述了关于餐桌上的欢乐时光和美好相聚的动人故事, 以及如何营造美和仪式感。本书是作者用心经营日常生活的展现, 展现的是她对生活的热爱和对美的追求。作者将餐桌布置当作是一种日常美学, 为的是让不断重复的枯燥生活变得有趣, 让餐桌边围坐的人们感到被关注和重视, 感受到季节的变化、自然和食物的魅力, 以及人的创造性与热情。 |
| ● |
| 相关链接 |
|
|
|
|
正题名:爱就是在一起, 吃好多好多顿饭
索取号:K891.25/408
 
预约/预借
| 序号 | 登录号 | 条形码 | 馆藏地/架位号 | 状态 | 备注 |
| 1 | 1405176 | 214051764 | 第二样本阅览室/ [索取号:K891.25/408] | 在馆 | |
| 2 | 1405177 | 214051773 | 第二借阅区/ [索取号:K891.25/408] | 在馆 | |
| 3 | 1405178 | 214051782 | 第二借阅区/ [索取号:K891.25/408] | 在馆 | |
| 4 | 1405179 | 214051791 | 第二借阅区/ [索取号:K891.25/408] | 在馆 |